000 00286nam a22001337a 4500
999 _c161699
_d161699
020 _a
082 _a
_b
100 _aKunwar Bechain
245 _aAandhiyo dheere chalo/
_cby Kunwar Bechain.
260 _aNew Delhi:
_bVani,
_c2011.
300 _a125p.
650 _a
942 _cBK